| 000 | 00634nam a2200217Ii 4500 | ||
|---|---|---|---|
| 003 | JO-AjNU | ||
| 008 | 230606s9999||||xx |||||||||||||| ||und|| | ||
| 020 | _a978-0-12-370490-0 | ||
| 040 |
_aJO-AjNU _beng _erda _cJO-AjNU |
||
| 041 | _aeng | ||
| 050 | 1 | 4 | _aQA76.9.A73.P377.2007 |
| 100 | 3 |
_aPatterson,David ,Hennessy,John, _eauthor _91227 |
|
| 245 | 0 | 0 | _aComputer Architcture Aquantitative Approach |
| 250 | _a4 ed | ||
| 264 | 3 | 1 | _aElsevier:Amsterdam,2005 |
| 300 | _a421p | ||
| 336 |
_atext _btxt _2rdacontent |
||
| 337 |
_aunmediated _bn _2rdamedia |
||
| 338 |
_avolume _bnc _2rdacarrier |
||
| 650 | 4 |
_aComputer architecture. _91228 |
|
| 999 |
_aE645 _c645 _d645 |
||